El Nuevo Testamento: historia, literatura, religión

Guardat en:
Dades bibliogràfiques
Autor principal: Theissen, Gerd (Autor)
Format: Llibre
Idioma:espanyol
Publicat: Santander Sal Terrae 2003
Edició:1a. ed
Col·lecció:Presencia Teológica, 129
Matèries:
Etiquetes: Afegir etiqueta
Sense etiquetes, Sigues el primer a etiquetar aquest registre!

MARC

LEADER 00000nam a2200000 a 4500
001 UCK1197
003 CL-VaPUC
008 041105e20030000SP |||||||||||||||||spa|d
020 |a 8429315039 
082 0 4 |a 225  |b THE  |2 21 
100 0 |a Theissen, Gerd  |e author  |9 489053 
245 1 3 |a El Nuevo Testamento: historia, literatura, religión 
250 |a 1a. ed 
300 |a 255 p 
942 |c BK 
945 |d 20041105 00:00:00  |a cmena 
260 |a Santander  |b Sal Terrae  |c 2003 
650 0 |a Textos sagrados   |9 257605 
650 0 |a Nuevo testamento  |9 257604 
650 0 |a Biblia  |9 257603 
650 0 |a Epístolas  |9 321181 
583 |a last modification  |c 20041105 00:00:00  |k Rodrigo Vera 
490 0 |a Presencia Teológica, 129 
999 |c 311280  |d 311278 
952 |0 0  |1 0  |4 0  |6 225_000000000000000_THE_2003  |7 0  |8 A  |9 380629  |a BIBTEO  |b BIBTEO  |d 2019-11-21  |i 4076397  |o 225 THE 2003  |p 4076397  |r 2025-01-17  |w 2019-11-21  |y BK  |k ICR 
952 |0 0  |1 0  |4 0  |6 225_000000000000000_THE_2003  |7 0  |8 A  |9 380630  |a BIBTEO  |b BIBTEO  |d 2019-11-21  |i 4088913  |l 1  |o 225 THE 2003  |p 4088913  |r 2025-01-17  |s 2024-10-22  |w 2019-11-21  |y BK  |k ICR